| 000 | 00432nam a2200157 i 4500 | ||
|---|---|---|---|
| 001 | 104766 | ||
| 003 | ES-MaACL | ||
| 005 | 20230906183700.0 | ||
| 007 | t| | ||
| 008 | 051212s1919 fr ||||1| fre d | ||
| 100 | 1 |
_aMirbeau, Octave. _981577 |
|
| 245 | 1 | 0 |
_aChez l'illustre écrivain / _cOctave Mirbeau. |
| 260 |
_aParis : _b[s.n.], _c1919 ( _fImp. Hemmerlé et Cie.) |
||
| 300 |
_a266 p. ; _c19 cm. |
||
| 852 |
_aES-MaACL _jF-10967 |
||
| 999 |
_c104766 _d104766 |
||